| 000 | 00609nam a2200205 4500 | ||
|---|---|---|---|
| 001 | 113678 | ||
| 003 | ES-MaACL | ||
| 007 | t| | ||
| 008 | 061121s1954 sp r ||||1| spa d | ||
| 100 | 1 |
_aPalazzeschi, Aldo. _988522 |
|
| 245 | 1 | 0 |
_aRoma / _cAldo Palazzeschi ; traducción del italiano por Margarita Grassot Alberti. |
| 250 | _a1ª ed. | ||
| 260 |
_aBarcelona : _bDestino, _c1954. |
||
| 300 |
_a233 p. ; _c19 cm. |
||
| 490 | 1 | _aAncora y delfín | |
| 700 | 1 |
_aGrassot Alberti, Margarita. _959715 |
|
| 830 | 0 | 0 |
_aÁncora y Delfín _9151298 |
| 852 |
_aES-MaACL _jC-7391 _bR.36040 |
||
| 999 |
_c113678 _d113678 |
||